000 00665nam a22002177a 4500
999 _c667
_d667
003 AR-CdUCM
008 190220b ||||| |||| 00| 0 spa d
040 _aMUNICIPALIDAD PROVINCIAL DEL CUSCO
_cBIBLIOTECA MUNICIPAL DEL CUSCO
082 _a923.73 /
_bL61
100 _aDouglas, William O.
_92592
245 _aMr. Lincoln y los negros /
_cWilliam O. Douglas
260 _aBuenos Aires :
_bPlaza y Janes,
_c1966.
300 _a254 páginas. ;
_c18 cm.
440 _aColección Alboreal.
_n94
_92593
505 _aC
650 _aEsclavitud
_9802
650 _aDeclaración de independencia
_92594
650 _aIgualdad
_92595
942 _2ddc
_cLIBROS
945 _arac